00387nam a2200121Ia 4500008004100000020002200041100002800063245007400091260003800165300002500203650002500228650001200253200909s9999 xx 000 0 und d a978-971-23-9910-7 aLansangan-Cruz, Zenaida cZenaida Lansangan-CruzaMicro perspective of tourism and hospitality/ aQuezon City:bREX Bookstorec2019 ax, 230 pagesc25 cm. aHospitality industry aTourism